Online Catalogue and eLibrary

Violence against women (Record no. 2899)

MARC details
000 -LEADER
fixed length control field 00450nam a2200193Ia 4500
005 - DATE AND TIME OF LATEST TRANSACTION
control field 20240604060112.0
008 - FIXED-LENGTH DATA ELEMENTS--GENERAL INFORMATION
fixed length control field 240331s9999 xx 000 0 und d
020 ## - INTERNATIONAL STANDARD BOOK NUMBER
ISBN 8186771565
082 ## - DDC Classification
Item Number - Author Mark VIO
Class No. 362
245 #0 - TITLE STATEMENT
Title Violence against women
250 ## - EDITION STATEMENT
Edition statement 1st
260 ## - PUBLICATION, DISTRIBUTION, ETC.
Place of publication, distribution, etc. Delhi
Name of publisher, distributor, etc. Serials Publications
Date of publication, distribution, etc. 2005
300 ## - PHYSICAL DESCRIPTION
Extent (e.g. Volumes, Pages etc.) viii,207 p.,
650 ## - SUBJECT ADDED ENTRY--TOPICAL TERM
Topical term or geographic name entry element Women
650 ## - SUBJECT ADDED ENTRY--TOPICAL TERM
Topical term or geographic name entry element Violence
650 ## - SUBJECT ADDED ENTRY--TOPICAL TERM
Topical term or geographic name entry element Human Rights
700 ## - ADDED ENTRY--PERSONAL NAME
Personal name Uma Devi, K.
942 ## - Koha item type (Biblio)
Koha item type Books in Stacks (Lending)
Holdings
Lost status Damaged status Collection code Home library Current library Shelving location Date acquired Full call number Accession Number Item type
    Lending WERC Library WERC Library Social Science Cupboard 03/31/2024 362 VIO 1933 Books in Stacks (Lending)

© WERC Library